Μαθηματική Ανάλυση. (Record no. 2859)
[ view plain ]
| 000 -LEADER | |
|---|---|
| fixed length control field | 01618cam a22002054a 4500 |
| 005 - ΗΜΕΡΟΜΗΝΙΑ ΚΑΙ ΩΡΑ ΤΕΛΕΥΤΑΙΑΣ ΕΝΗΜΕΡΩΣΗΣ | |
| Πεδίο ελέγχου | 20250605164055.0 |
| 008 - FIXED-LENGTH DATA ELEMENTS--GENERAL INFORMATION | |
| Πεδίο ελέγχου σταθερού μήκους | 250528s ||||||||||||||||||||||||d |
| 035 ## - SYSTEM CONTROL NUMBER | |
| System control number | 17441 |
| 020 ## - ISBN | |
| ISBN | 9604311093 |
| 040 ## - ΠΗΓΗ ΚΑΤΑΛΟΓΟΓΡΑΦΗΣΗΣ | |
| Φορέας πρωτότυπης καταλογογράφησης | MC Athens Campus Library |
| Γλώσσα καταλογογράφησης | Ελληνικά, Μοντέρνα (1453-) |
| Modifying agency | MC Athens Campus Library |
| Κανόνες περιγραφικής καταλογογράφησης | AACR2 |
| 245 1# - ΤΙΤΛΟΣ ΚΑΙ ΔΗΛΩΣΗ ΥΠΕΥΘΥΝΟΤΗΤΑΣ | |
| Τίτλος | Μαθηματική Ανάλυση. |
| Number of part/section of a work | Τόμος ΙΙΙ: Β' Έκδοση |
| 250 ## - EDITION STATEMENT | |
| Edition statement | 2η |
| 260 ## - PUBLICATION, DISTRIBUTION, ETC. | |
| Name of publisher, distributor, etc. | Ζήτη, |
| Date of publication, distribution, etc. | 1994 |
| 300 ## - PHYSICAL DESCRIPTION | |
| Extent | 576 |
| 520 ## - SUMMARY, ETC. | |
| Summary, etc. | Η Έννοια του n-Διάστατου Ευκλείδιου Χώρου Rn, Συστήματα Συντεταγμένων στο Επίπεδο και στο Χώρο, Συναρτήσεις Πολλών Μεταβλητών, Καμπύλες και Επιφάνειες, Διαφορισιμότητα Συνάρτήσεων Πολλών Μεταβλητών, Εφαπτόμενες Ευθείες και Εφαπτόμενα Επίπεδα, Θεώρηματα Μέσης Τίμης και Τύπος Taylor και Ακρότατα, Πεπλεγμένες Συναρτήσεις, Συναρτησιακή Εξάρτηση και Υπερεπιφάνειες, Στοιχεία Διαφορικής Γεωμετρίας, Επικαμπύλια Ολοκληρώματα, Το Διπλό Ολοκλήρωμα, Το Τριπλό Ολοκλήρωμα και τα Ολλαπλά Ολοκληρώματα, Επιφανειακά Ολοκληρώματα, Ολοκληρωτικοί Τύποι, Παράρτημα, Βιβλιογραφία, Ευρετήριο Όρων και Ονομάτων. |
| 700 1# - ΠΡΟΣΘΕΤΗ ΑΝΑΓΡΑΦΗ--ΦΥΣΙΚΟ ΠΡΟΣΩΠΟ | |
| Personal name | Παντελίδης Γ. Ν |
| 9 (RLIN) | 3593 |
| 942 ## - ADDED ENTRY ELEMENTS (KOHA) | |
| Koha item type | Books |
| Τύπος τεκμηρίου | Βιβλιοθήκη | Τρέχουσα τοποθεσία | Barcode | Αριθμός εισαγωγής | Ημερομηνία απόκτησης | Ταξιθετικό σύμβολο | Αριθμός αντιτύπου | Κατάσταση απόσυρσης | Κατάσταση χαμένου | Κατάσταση κατεστραμμένου | Μη δανεισμός | Σύνολο δανεισμών | Ημερομηνία τελευταίας εμφάνισης | Η τιμή ισχύει από |
|---|---|---|---|---|---|---|---|---|---|---|---|---|---|---|
| Books | MC Athens Campus Library | MC Athens Campus Library | 9780000028587 | 5687 | 05/06/2025 | 515 PAN V.III | 1 | 05/06/2025 | 05/06/2025 |